• 首页
  • 本馆介绍
  • 公告通知
  • 最新文献
  • 馆藏检索
  • 电子资源
  • 读者导购
  • 参考咨询
  • 我的图书馆
  • 登录
  • 详细信息显示
  • 放入我的书架
  • 预约/预借图书
  • 作者相关作品
  • 分类相关作品
  • 丛书相关作品
  • 出版社相关作品

书目信息

  • 表格格式
  • 工作单格式
  • 卡片格式
题名:
海上旧闻
    
 
作者: 叶又红 主编
分册: 第二辑  
出版信息: 上海   文汇出版社  2000
页数: 303页
开本: 20cm
丛书名:
单 册:
中图分类: K295.1
科图分类:
主题词: 地方史--上海--近代--史料 , 中国--地方志
电子资源:
ISBN: 7-80531-759-3
000 00579nam0 2200205 45
001 0204281491
005 20031219104055.2
010    @a7-80531-759-3@dCNY18.00
100    @a20020428d2000 km y0chiy0120 ea
101 0  @achi
105    @a z 000yy
200 1  @a海上旧闻@h第二辑@AHai Shang Jiu Wen@f叶又红主编@FYe You Hong Zhu Bian
210    @a上海@c文汇出版社@d2000
215    @a303页@d20cm
606 0  @a地方史@y上海@z近代@x史料
606 0  @a中国@x地方志
690    @aK295.1@v4
701  0 @a叶又红@4主编
801    @aCN@bTSTC@c20020428
905    @b309439-441@dK295.1@e107:2@f3
    
    海上旧闻.第二辑/叶又红主编.-上海:文汇出版社,2000
    303页;20cm
    
    
    ISBN 7-80531-759-3:CNY18.00
    
●
相关链接 在E读中查询图书 在五车中查询图书 在当当中查询图书 在豆瓣中查询图书


正题名:海上旧闻     索取号:K295.1/107:2         预约/预借

序号 登录号 条形码 馆藏地/架位号 状态 备注
1 0309439   203094392   第二借阅区/ [索取号:K295.1/107:2] 在馆    
2 0309440   203094409   第二借阅区/ [索取号:K295.1/107:2] 在馆    
3 0309441   203094418   第二样本阅览室/ [索取号:K295.1/107:2] 在馆    
唐山师范学院图书馆 欢迎您!
大连网信软件有限公司© 版权所有